Henry VIII - Statistics

General Stats
  • This quiz has been taken 564 times
  • The average score is 10 of 15
Answer Stats
Hint Answer % Correct
How many wives did Henry VIII have? 6
100%
How many wives did Henry VIII have beheaded? 2
98%
How many legitimate children did he have? 3
95%
Who was Elizabeth I's mother? Anne Boleyn
80%
What was Henry VIII's brother's name? Arthur
78%
Who did Henry consider to be his favorite wife? Jane Seymour
77%
What was the name of Henry VIII's fourth wife? Anne of Cleves
74%
What did Henry declare himself head of? Church of England
68%
Which wife outlived Henry? Katherine Parr
63%
What was Henry's mother's name? Elizabeth
54%
What year did Henry VIII die? 1547
53%
What year did Henry VIII's reign begin? 1509
44%
Who painted portraits of Henry VIII? Hans Holbein
33%
With whom did Henry VIII separate from? Rome
23%
Where is Henry VIII buried? Windsor Castle
15%
No matching quizzes found
Score Distribution
Percent of People with Each Score
Percentile by Number Answered
Your Score History
You have not taken this quiz